000 00693nam a2200253 a 4500
001 BRCA_3972
005 20190320204510.0
008 140110s1929----gw-a######---#000-0#ger-#
041 _ager
044 _agw
050 4 _aN5267
_b.M63 1929
100 1 _aModel, Julius
_910328
245 1 0 _aSammlung Julius Model Berlin.
260 _aLeipzig
_bC.G. Boerner
_c1929
300 _a184 p.
_bil., 49 láminas
_c30 cm.
440 0 _aVersteigerungskatalog
_v160
_910329
500 _aCDE48
650 1 4 _aColeccionistas y colecciones
_910330
650 1 4 _aSubastas
_97837
650 1 4 _aArte
_zBerlín
_910331
650 1 4 _aArte
_xColecciones particulares
_97906
902 _aGFM
942 _2lcc
_cB
999 _c3699
_d3699